Origen y formación del Partido Comunista de Chile: ensayo de historia del partido

保存先:
書誌詳細
第一著者: Ramírez Necochea, Hernán (著者)
フォーマット: 図書
言語:スペイン語
出版事項: Santiago Austral 1965
版:1a. ed
主題:
タグ: タグ追加
タグなし, このレコードへの初めてのタグを付けませんか!

MARC

LEADER 00000cam a2200000 a 4500
001 UCD4136
003 CL-VaPUC
008 160623e19650000cl |||||||||||||||||spa|d
082 0 4 |a 324.283  |b RAM  |2 21 
100 0 |a Ramírez Necochea, Hernán  |e author  |9 587754 
245 1 0 |a Origen y formación del Partido Comunista de Chile: ensayo de historia del partido 
250 |a 1a. ed 
300 |a 319 p 
942 |c BK 
945 |d 20160623 20:48:00  |a arojas 
260 |a Santiago  |b Austral  |c 1965 
650 0 |a Comunismo  |9 255588 
650 0 |a Partidos políticos  |9 254999 
650 0 |a Partido comunista   |9 340375 
651 7 |a CHILE  |2 CL-VaPUC  |9 587755 
583 |a last modification  |c 20160623 20:48:00  |k Rodrigo Vera 
999 |c 365078  |d 365076 
952 |0 0  |1 0  |3 erb  |4 0  |6 324_283000000000000_RAM_1965  |7 0  |8 A  |9 478780  |a FDOHBE  |b FDOHBE  |e Huesbe Llanos, Marco Antonio, 1934-  |i 5309670  |o 324.283 RAM 1965  |p 5309670  |r 2024-01-30  |w 2019-11-24  |y BK  |z Catalogado en:20160623  |k HBE